000 00483nam a2200181Ia 4500
008 090124s9999 xx 000 0 und d
082 _b119097
100 _aगोगटे शकुंतला
245 _a अद्वैत
250 _a1
260 _c1982
300 _a111
600 _aगोगटे शकुंतला
630 _a अद्वैत
700 _aगोगटे शकुंतला
730 _a अद्वैत
942 _cBOOK
999 _c165183
_d165183